| 000 | 00364nam a2200133Ia 4500 | ||
|---|---|---|---|
| 008 | 220217s9999||||xx |||||||||||||| ||und|| | ||
| 020 | _a9788131501801 | ||
| 082 | _a004.165 KEN | ||
| 100 | _aKenneth, Ayela, J | ||
| 245 | 4 | _aThe 8086 microprocessor | |
| 260 |
_aCengage learning _bNew Delhi _c2016 |
||
| 300 |
_aXXIII, 673p. _b650 |
||
| 650 | _aMICROPROCESSOR | ||
| 999 |
_c187283 _d187283 |
||